| 000 | 01092nam a22003497a 4500 | ||
|---|---|---|---|
| 003 | CHAP | ||
| 005 | 20220817044218.0 | ||
| 008 | 080125d200 8 mx 05 r 00110 spa d | ||
| 010 | _a94792 | ||
| 011 | _a95764 | ||
| 020 | _a0130105821 | ||
| 035 | _a106394 | ||
| 040 | _cCHAP | ||
| 082 | 0 | 4 |
_a636.087 _bK4 |
| 100 | 1 |
_aKellems, Richard O. _962920 |
|
| 245 | 1 | 0 |
_aLivestock feeds and feeding _c/by Richard O. Kellems and D.C. Church |
| 250 | _a5 ed. | ||
| 260 |
_aNew Jersey : _bPrentice Hall, _c2002 |
||
| 300 |
_axiv, 654 p. _bilus. ; tablas |
||
| 590 |
_aBATCH-UPD _b10 _c20130110 _lUCH01 _h0655 |
||
| 590 |
_aBATCH-UPD _b10 _c20130410 _lUCH01 _h0340 |
||
| 590 |
_aBATCH-UPD _b10 _c20130914 _lUCH01 _h0930 |
||
| 590 |
_aCONVERSION _b10 _c20130109 _lUCH01 _h1352 |
||
| 650 | 1 | 4 |
_aAlimentos y alimentacion del ganado. _94326 |
| 650 | 1 | 4 | _aForrajes. |
| 650 | 1 | 4 |
_aGanaderÃa. _944604 |
| 650 | 1 | 4 | _aNutrición animal. |
| 700 | 0 |
_aChurch, D.C. _922991 |
|
| 901 | _aBK | ||
| 942 | _cLIBRO | ||
| 949 |
_a636.087 K4 2002 _bBC _cLIBRO _d33724002060553 _eLIBRO _gI.235634 _h109491 _i106394 _sb _t$1,259.25 |
||
| 999 |
_c94792 _d94792 |
||